Turismo de larga distancia y desarrollo regional en Costa Rica: estudios sobre las relaciones económicas-ecológicas entre turismo y desarrollo sostenible en los ámbitos globales, nacionales y micro-regionales /

Guardado en:
书目详细资料
主要作者: Fürst, Edgar
其他作者: ed Hein, Wolfgang Hein ed
格式: Texto
出版: San José: DEI
主题:
标签: 添加标签
没有标签, 成为第一个标记此记录!

MARC

LEADER 00000 a a2200000 04500
001 31161
003
040
020 |a 9977-83-138-6  
090 |a 196303  
100 |a Fürst, Edgar  
245 |a Turismo de larga distancia y desarrollo regional en Costa Rica: estudios sobre las relaciones económicas-ecológicas entre turismo y desarrollo sostenible en los ámbitos globales, nacionales y micro-regionales /  |c Edgar Fürst 
260 |a San José:   |b DEI  
300 |a 587 p.  
500 |a Informe final  
650 |a TURISMO  
650 |a CRECIMIENTO DEL EMPLEO  
650 |a AJUSTE ESTRUCTURAL  
650 |a POBLACION  
650 |a POBLACION OCUPADA  
650 |a EMPLEO  
700 |a ed   |a Hein, Wolfgang Hein   |a ed  
999 |c 8786  |d 8786